| 000 | 00377nam a2200157Ia 4500 | ||
|---|---|---|---|
| 008 | 230718s9999 xx 000 0 und d | ||
| 041 | _aeng | ||
| 082 |
_a004.6 _bMUK |
||
| 100 | _aMukund A. | ||
| 245 | _aCase Studies In IT & Systems | ||
| 260 |
_c2002 _bICFAI Books |
||
| 300 | _a174 | ||
| 365 |
_cRs. _b350.00 |
||
| 700 | _aMukund A. | ||
| 906 |
_d12/4/06/IPRESS/2006 _cIT |
||
| 999 |
_c313477 _d313477 |
||